Central Library OPAC University of Rajshahi

South : (Record no. 21159)

MARC details
000 -LEADER
fixed length control field 01051cam a2200301 a 4500
001 - CONTROL NUMBER
control field 21159
003 - CONTROL NUMBER IDENTIFIER
rucl marc code BD-RjUL
005 - DATE AND TIME OF LATEST TRANSACTION
control field 20211209000644.0
008 - FIXED-LENGTH DATA ELEMENTS--GENERAL INFORMATION
fixed length control field 140303t19521948enkmr2p 0u0ua0eng d
032 ## - POSTAL REGISTRATION NUMBER
Postal registration number 689190
Source agency assigning number USPS
035 ## - SYSTEM CONTROL NUMBER
System control number (BD-RjUL)21223
040 ## - CATALOGING SOURCE
Original cataloging agency UIU
Transcribing agency UIU
Modifying agency IUL
-- NST
-- IXA
-- NSD
-- BOS
-- BD-RjUL
Language of cataloging eng
041 ## - LANGUAGE CODE
Language code of text/sound track or separate title eng
082 04 - DEWEY DECIMAL CLASSIFICATION NUMBER
Classification number 823.91
Author mark and year SAS 1952
090 ## - LOCALLY ASSIGNED LC-TYPE CALL NUMBER (OCLC); LOCAL CALL NUMBER (OCLC)
Classification number (OCLC) (R) ; Classification number, CALL (RLIN) (NR) AP4
Local cutter number (OCLC) ; Book number/undivided call number, CALL (RLIN) .S65
100 10 - MAIN ENTRY--PERSONAL NAME
Personal name Sansom, William.
9 (RLIN) 65391
245 00 - TITLE STATEMENT
Title South :
Remainder of title Aspects and images From corsica, Italy, and Southern France /
260 ## - PUBLICATION, DISTRIBUTION, ETC. (IMPRINT)
Place of publication, distribution, etc. Harmondsworth :
Name of publisher, distributor, etc. Penguin books,
Date of publication, distribution, etc. 1952
265 ## - SOURCE FOR ACQUISITION/SUBSCRIPTION ADDRESS [OBSOLETE]
Source for acquisition/subscription address [OBSOLETE] South Publications Ltd., Suite 319, 230 Park Ave., New York, N.Y. 10169
-- South Publications Ltd., 13th Floor, New Zealand House, 80 Haymarket, London SW1Y 4TS.
300 ## - PHYSICAL DESCRIPTION
Pagination 199 p. ;
Size 28 cm.
350 ## - PRICE (NR) (BK AM CF MU VM SE) [OBSOLETE]
Price $28.00.
650 #0 - SUBJECT ADDED ENTRY--TOPICAL TERM
Topical term or geographic name as entry element World politics
Chronological subdivision 1945-1989
General subdivision Periodicals.
9 (RLIN) 65392
Topical term or geographic name as entry element World politics
Chronological subdivision 1989-
General subdivision Periodicals.
9 (RLIN) 65393
651 #0 - SUBJECT ADDED ENTRY--GEOGRAPHIC NAME
Geographic name Developing countries
General subdivision Periodicals.
9 (RLIN) 65394
942 ## - ADDED ENTRY ELEMENTS (KOHA)
Source of classification or shelving scheme Dewey Decimal Classification
Koha item type Books
Holdings
Lost status Source of classification or shelving scheme Damaged status Not for loan Collection code Permanent Location Current Location Shelving location Date acquired Source of acquisition Cost, normal purchase price Total Checkouts Full call number Date last seen Copy number Koha item type
  Dewey Decimal Classification   Added to bundle Fiction Central Library, University of Rajshahi Central Library, University of Rajshahi Reading Room 06/04/1964 Zeitlinger 2.60   823.91 SAS 1952 03/03/2014 C-1 Books